szybka 20 - Statystyki

Ogólne statystyki
  • Ten quiz został rozwiązany 29 razy
  • Średni wynik to 16 z 20
Statystyki odpowiedzi
Odpowiedź % Poprawnych
1
100%
2
100%
3
100%
4
100%
5
100%
6
100%
7
100%
10
80%
11
80%
12
80%
8
80%
9
80%
13
60%
14
60%
15
60%
16
60%
17
60%
18
60%
19
60%
20
60%
Nie znaleziono quizów pasujących do podanych kryteriów
Rozkład punktacji
Procent ludzi z każdym wynikiem
Percentyl według liczby udzielonych odpowiedzi
Twoja historia wyników
Nie rozwiązałeś tego quizu